00992nam a2200205Ia 4500003000900000008004100009020001800050040001600068080002400084111013300108245028500241260003700526300001600563490006500579650004100644650001900685650003800704700001900742700002500761IN-BaIIA211028s9999 xx 000 0 eng d a0-7923-0376-8 cIIA Library a520.872(082.1)bVER aNATO Advanced Study Institute on Very Long Baseline Interferometry, Techniques and ApplicationscBologna, Italyd1988 Sep. 12-23 0aVery long baseline interferometrybproceedings of the NATO advanced study institute on very long baseline interferometry, techniques and applications, held in Bologna, Italy, 12-23 Sept 1988cedited by M. Felli and R. E. Spencer  aDordrechtbKluwer Academicc1989 axvii, 437p. aNATO ASI series. series C : mathematical & physical sciences aAstronomy and astrophysics thesaurus aInterferometry aVery long baseline interferometry aFelli, M., ed. aSpencer, R. E ., ed.